000 01174nam a22003257a 4500
003 CHAP
005 20220329140842.0
008 971013s1980 r 00010 d
010 _a58648
011 _a59620
035 _a63780
040 _cCHAP
090 _aFolleto 11585
100 0 0 _aTurrent Fernández, Antonio.
_9115685
245 _aEvolution of the research component in the regional programs
260 _a(Puebla, Pue. :
_bs.e.),
_c(1980)
300 _a21 h.
_b: gráfs.
500 _aFotocopia
500 _aPonencia presentada en: International Seminar on Training and Evolution of Agricultural Programmes of Development in Traditional Agricultural Zones (1980 : Puebla, Pue.)
590 _aBATCH-UPD
_b10
_c20130110
_lUCH01
_h2004
590 _aBATCH-UPD
_b10
_c20130410
_lUCH01
_h1324
590 _aBATCH-UPD
_b10
_c20130914
_lUCH01
_h1146
590 _aCONVERSION
_b10
_c20130109
_lUCH01
_h1331
650 1 4 _aAgricultura
_xInvestigacion
_xPuebla.
_91662
650 1 4 _aDesarrollo de la comunidad rural.
_931995
650 1 4 _aPlan Piloto Tlaxcala.
_988675
901 _aBK
942 _cFOLL
949 _aFolleto 11585
_bBC
_cFOLL
_d-137501
_eTS1
_i63780
_mD
_si
999 _c58648
_d58648